| 000 | 00000nam##2200000za#4500 |
| 001 | 9.676595 |
| 003 | CaOODSP |
| 005 | 20210624225943 |
| 007 | cr ||||||||||| |
| 008 | 150407|1990||||xxc|||||o f|0| 0 eng|d |
| 040 | |aCaOODSP|beng |
| 041 | |aeng |
| 041 | |afre |
| 043 | |an-cn--- |
| 086 | 1 |aCS96-F0024/1990-PDF |
| 245 | 02|aA profile of the aboriginal population residing in selected off reserve areas, 1986 Census |h[electronic resource] |
| 260 | |aOttawa - Ontario : |bStatistics Canada |c1990. |
| 300 | |aVol. 1.|btables |
| 500 | |aHistorical census publication digitized by Statistics Canada. |
| 590 | |a13-07-Supp|b2013-03-25 |
| 690 | 07|aIndigenous peoples|2gcpds |
| 690 | 07|aCensus data|2gcpds |
| 710 | 2 |aStatistics Canada. |
| 792 | |tProfil de la population autochtone vivant dans certains secteurs situés en dehors des réserves, Recensement de 1986 |efre|w(CaOODSP)9.676596 |
| 856 | 40|ahttp://publications.gc.ca|qPDF|s30.1 MB|uhttps://publications.gc.ca/collections/collection_2013/statcan/rh-hc/CS96-F0024-1990.pdf |